[Event "Gibraltar Masters 16th"]
[Site "Caleta"]
[Date "2018.01.26"]
[Round "4"]
[White "Bozinovic, Boban"]
[Black "Yilmaz, Kazim"]
[Result "1-0"]
[WhiteElo "1972"]
[BlackElo "1656"]
[PlyCount "113"]
[EventDate "2018.01.23"]
[EventType "swiss"]
[EventRounds "10"]
[EventCountry "GGB"]
[SourceTitle "CBM 183"]
[Source "ChessBase"]
[SourceDate "2018.03.14"]
[SourceVersion "1"]
[SourceVersionDate "2018.03.14"]
[SourceQuality "1"]

1. e4 e5 2. Nf3 Nc6 3. d4 Nxd4 4. Nxd4 exd4 5. Qxd4 Qf6 6. e5 Qb6 7. Qxb6 axb6 8. Nc3 Bb4 9. Bd2 Bxc3 10. Bxc3 Ne7 11. a3 0-0 12. 0-0-0 Nc6 13. Bd3 d5 14. exd6 cxd6 15. Be4 Rd8 16. Bd5 Be6 17. Rhe1 Bxd5 18. Rxd5 Rd7 19. Red1 Rad8 20. Rg5 g6 21. Rb5 d5 22. Rxb6 d4 23. Bd2 d3 24. Bc3 dxc2 25. Rxd7 Rxd7 26. Kxc2 f5 27. f3 Ne7 28. Bd2 Nd5 29. Rb5 f4 30. a4 Ne3+ 31. Bxe3 fxe3 32. Re5 Rd2+ 33. Kc3 Rxg2 34. Rxe3 Rxh2 35. Re7 Rh3 36. Rxb7 Rxf3+ 37. Kd2 h5 38. a5 Rf2+ 39. Ke3 Rf6 40. Rb6 Rf7 41. a6 Ra7 42. Rb8+ Kf7 43. Rb7+ Rxb7 44. axb7 Ke7 45. b8Q h4 46. Qe5+ Kf7 47. Qf4+ Ke6 48. Qxh4 Kf5 49. Qf4+ Ke6 50. b4 Kd5 51. Qg5+ Kc4 52. Qxg6 Kxb4 53. Qc6 Kb3 54. Kd3 Kb4 55. Qb6+ Ka3 56. Kc3 Ka4 57. Qb4# 1-0

[Event "Gibraltar Amateur op-A"]
[Site "Caleta"]
[Date "2018.01.25"]
[Round "4"]
[White "Hilton, Tim"]
[Black "Yilmaz, Kazim"]
[Result "1-0"]
[WhiteElo "1868"]
[BlackElo "1656"]
[PlyCount "155"]
[EventDate "2018.01.22"]
[EventType "swiss"]
[EventRounds "5"]
[EventCountry "GGB"]
[SourceTitle "EXT 2019"]
[Source "ChessBase"]
[SourceDate "2018.10.10"]
[SourceVersion "1"]
[SourceVersionDate "2018.10.10"]
[SourceQuality "1"]

1. c4 Nf6 2. g3 c5 3. Bg2 g6 4. Nc3 Nc6 5. Nf3 Bg7 6. d4 cxd4 7. Nxd4 0-0 8. 0-0 e6 9. Ndb5 d5 10. cxd5 exd5 11. Nxd5 Nxd5 12. Qxd5 Qxd5 13. Bxd5 Bh3 14. Bg2 Bxg2 15. Kxg2 a6 16. Nc3 b5 17. Rb1 Bxc3 18. bxc3 Ne5 19. Bf4 Nc4 20. Rfd1 f6 21. Rd7 g5 22. Bc7 Rf7 23. Rbd1 Ra7 24. Rd8+ Rf8 25. Rxf8+ Kxf8 26. Bd6+ Nxd6 27. Rxd6 Ke7 28. Rb6 h5 29. Rc6 a5 30. Kf3 b4 31. cxb4 axb4 32. Rc2 Ra3+ 33. Ke4 b3 34. axb3 Rxb3 35. Kf5 Rb5+ 36. Kg6 g4 37. Rc7+ Kd6 38. Rf7 Rg5+ 39. Kxf6 Ra5 40. e3 Ra1 41. Rh7 Rf1 42. Rxh5 Rxf2+ 43. Kg5 Rf3 44. e4 Re3 45. Kf4 Re2 46. e5+ Ke6 47. Kxg4 Rf2 48. h4 Ra2 49. Rg5 Ra4+ 50. Kh5 Ra8 51. Kh6 Rh8+ 52. Kg7 Re8 53. h5 Re7+ 54. Kg6 Re8 55. h6 Rg8+ 56. Kh5 Rh8 57. g4 Kd5 58. Rf5 Ke6 59. Rg5 Kd5 60. Kg6 Rg8+ 61. Kf6 Rf8+ 62. Kg7 Re8 63. h7 Re7+ 64. Kh6 Re6+ 65. Rg6 Re8 66. Rg8 Rxg8 67. hxg8Q+ Kxe5 68. Kg5 Ke4 69. Qf7 Ke3 70. Qf4+ Ke2 71. Qg3 Kd2 72. Kf4 Kc2 73. Ke4 Kb2 74. Kd4 Ka2 75. Qc3 Kb1 76. Qd2 Ka1 77. Kc3 Kb1 78. Qb2# 1-0

[Event "Gibraltar Masters 16th"]
[Site "Caleta"]
[Date "2018.01.24"]
[Round "8"]
[White "Yilmaz, Kazim"]
[Black "Klementys, Jerzy"]
[Result "1/2-1/2"]
[WhiteElo "1656"]
[BlackElo "1739"]
[PlyCount "74"]
[EventDate "2018.01.23"]
[EventType "swiss"]
[EventRounds "10"]
[EventCountry "GGB"]
[SourceTitle "CBM 183"]
[Source "ChessBase"]
[SourceDate "2018.03.14"]
[SourceVersion "1"]
[SourceVersionDate "2018.03.14"]
[SourceQuality "1"]

1. e4 c5 2. Nf3 d6 3. Bb5+ Nd7 4. d4 cxd4 5. Nxd4 a6 6. Bd3 Ngf6 7. Nc3 g6 8. 0-0 Bg7 9. Be3 0-0 10. f3 Qc7 11. Qd2 Rd8 12. Nd5 Nxd5 13. exd5 Nf6 14. c4 e5 15. dxe6 fxe6 16. Rac1 e5 17. Ne2 Be6 18. Ng3 Rac8 19. Ne4 Nxe4 20. Bxe4 Qf7 21. Bd5 Bxd5 22. Qxd5 Qxd5 23. cxd5 b5 24. b3 h5 25. Rxc8 Rxc8 26. Rc1 Rxc1+ 27. Bxc1 Bf6 28. Kf2 Bd8 29. Ke2 Kf7 30. Kd3 g5 31. h3 Kg6 32. Ke4 Bb6 33. Bd2 a5 34. g4 hxg4 35. hxg4 Kf6 36. a4 b4 37. Bc1 Ba7 1/2-1/2

[Event "Konnerud GP"]
[Site "Konnerud"]
[Date "2017.11.19"]
[Round "5"]
[White "Yilmaz, Kazim"]
[Black "Evenshaug, Amadeus Hestvik"]
[Result "1-0"]
[WhiteElo "1637"]
[BlackElo "1205"]
[PlyCount "145"]
[EventDate "2017.11.18"]
[EventType "swiss"]
[EventRounds "5"]
[EventCountry "NOR"]
[SourceTitle "EXT 2024"]
[Source "ChessBase"]
[SourceDate "2023.10.10"]
[SourceVersion "1"]
[SourceVersionDate "2023.10.10"]
[SourceQuality "1"]

1. e4 e5 2. Nf3 Nc6 3. Bc4 Bc5 4. Nc3 d6 5. h3 Nf6 6. d3 h6 7. 0-0 0-0 8. Be3 Bb6 9. Nd5 Nxd5 10. Bxd5 Nd4 11. Nxd4 exd4 12. Bd2 c6 13. Bb3 Be6 14. Qh5 Qf6 15. f4 Bxb3 16. axb3 Qg6 17. Qxg6 fxg6 18. g4 Rf7 19. h4 Raf8 20. f5 gxf5 21. Rxf5 Rxf5 22. exf5 Re8 23. Re1 Rxe1+ 24. Bxe1 Kh7 25. Bd2 g6 26. f6 h5 27. g5 Kg8 28. Kg2 Kf7 29. Kf3 d5 30. Bf4 Ba5 31. Ke2 Bb4 32. Be5 Bc5 33. c3 dxc3 34. bxc3 b5 35. d4 Ba3 36. Kd3 b4 37. c4 Bc1 38. Bd6 Ba3 39. Kc2 Ke6 40. Bf4 a5 41. cxd5+ cxd5 42. Bc7 Kf7 43. Bxa5 Ke6 44. Bc7 Kf7 45. Bf4 Ke6 46. Bc1 Bxc1 47. Kxc1 Kf7 48. Kd2 Ke6 49. Ke3 Kd6 50. Kf4 Ke6 51. f7 Kxf7 52. Ke5 Ke7 53. Kxd5 Kd7 54. Ke5 Ke7 55. d5 Kd7 56. d6 Kd8 57. Ke6 Ke8 58. Kf6 Kd7 59. Kxg6 Kxd6 60. Kf7 Kc5 61. g6 Kd4 62. g7 Kc3 63. g8Q Kxb3 64. Kg6+ Kc2 65. Qa2+ Kc3 66. Kxh5 b3 67. Qb1 b2 68. Kg4 Kb3 69. Kf3 Ka3 70. Ke3 Kb3 71. Kd3 Ka3 72. Kc3 Ka4 73. Qxb2 1-0

[Event "Helsingor Xtracon op"]
[Site "Helsingor"]
[Date "2017.07.28"]
[Round "8"]
[White "Verboven, Arnout"]
[Black "Yilmaz, Kazim"]
[Result "1/2-1/2"]
[WhiteElo "1739"]
[BlackElo "1527"]
[PlyCount "70"]
[EventDate "2017.07.22"]
[EventType "swiss"]
[EventRounds "10"]
[EventCountry "DEN"]
[SourceTitle "CBM 179 Extra"]
[Source "ChessBase"]
[SourceDate "2017.08.23"]
[SourceVersion "1"]
[SourceVersionDate "2017.08.23"]
[SourceQuality "1"]

1. e4 e5 2. Nf3 Nc6 3. Bc4 Bc5 4. c3 Nf6 5. d3 d6 6. h3 h6 7. b4 Bb6 8. a4 a6 9. Nbd2 0-0 10. 0-0 d5 11. Bb3 dxe4 12. dxe4 Re8 13. Re1 Be6 14. Bb2 Bxb3 15. Nxb3 Qxd1 16. Raxd1 Rad8 17. Rxd8 Rxd8 18. b5 axb5 19. axb5 Na5 20. Nxa5 Bxa5 21. Nxe5 Rd2 22. Nc4 Rc2 23. Nxa5 Rxb2 24. c4 b6 25. Nc6 Rc2 26. e5 Nd7 27. Re4 Nc5 28. Rd4 Ne6 29. Rg4 h5 30. Rh4 g5 31. Rxh5 Rxc4 32. Ne7+ Kg7 33. Nf5+ Kg8 34. Ne7+ Kg7 35. Nf5+ Kg8 1/2-1/2

[Event "Helsingor Xtracon op"]
[Site "Helsingor"]
[Date "2017.07.26"]
[Round "6"]
[White "Nettelbeck, Jann"]
[Black "Yilmaz, Kazim"]
[Result "1-0"]
[WhiteElo "1790"]
[BlackElo "1527"]
[PlyCount "61"]
[EventDate "2017.07.22"]
[EventType "swiss"]
[EventRounds "10"]
[EventCountry "DEN"]
[SourceTitle "CBM 179 Extra"]
[Source "ChessBase"]
[SourceDate "2017.08.23"]
[SourceVersion "1"]
[SourceVersionDate "2017.08.23"]
[SourceQuality "1"]

1. Nf3 Nf6 2. d4 d5 3. c4 c6 4. g3 g6 5. Bg2 Bg7 6. 0-0 0-0 7. Nc3 dxc4 8. a4 Bf5 9. Nh4 Na6 10. Nxf5 gxf5 11. e4 Nxe4 12. Nxe4 fxe4 13. Bxe4 f5 14. Bg2 Qxd4 15. Qe2 e5 16. Rd1 Qc5 17. Rd7 Rf7 18. Rxf7 Kxf7 19. Qh5+ Kg8 20. Qxf5 Rf8 21. Qe6+ Kh8 22. Be3 Qb4 23. Rd1 Qxb2 24. Be4 c3 25. Qh3 h6 26. Bxh6 Qxf2+ 27. Kh1 Kg8 28. Bxg7 Kxg7 29. Qh7+ Kf6 30. Rd6+ Kg5 31. Rg6# 1-0

[Event "Helsingor Xtracon op"]
[Site "Helsingor"]
[Date "2017.07.22"]
[Round "1"]
[White "Yilmaz, Kazim"]
[Black "Skjoldager, Mikael"]
[Result "0-1"]
[WhiteElo "1527"]
[BlackElo "2050"]
[PlyCount "92"]
[EventDate "2017.07.22"]
[EventType "swiss"]
[EventRounds "10"]
[EventCountry "DEN"]
[SourceTitle "CBM 179 Extra"]
[Source "ChessBase"]
[SourceDate "2017.08.23"]
[SourceVersion "1"]
[SourceVersionDate "2017.08.23"]
[SourceQuality "1"]

1. e4 e5 2. Nf3 Nc6 3. Bc4 Bc5 4. Nc3 Nf6 5. d3 d6 6. Bg5 h6 7. Bh4 g5 8. Bg3 Bg4 9. Nd5 Nd4 10. Ne3 Bh5 11. c3 Nxf3+ 12. gxf3 Qd7 13. b4 Bxe3 14. fxe3 0-0-0 15. 0-0 Nh7 16. a4 Nf8 17. b5 Ng6 18. a5 Nh4 19. Bxh4 gxh4 20. b6 axb6 21. axb6 Qh3 22. Ra8+ Kd7 23. Rxd8+ Rxd8 24. Rf2 Rg8+ 25. Kh1 Rg3 26. Qf1 Qxf1+ 27. Rxf1 Bxf3+ 28. Rxf3 Rxf3 29. bxc7 h3 30. c8Q+ Kxc8 31. Kg1 Kc7 32. d4 Rxe3 33. dxe5 dxe5 34. Bxf7 Rxc3 35. Bd5 b5 36. Kf2 b4 37. Kf1 b3 38. Kf2 b2 39. Ba2 Kd6 40. Kf1 Rc1+ 41. Kf2 Ra1 42. Kg3 Rxa2 43. Kxh3 b1Q 44. Kg3 Ra3+ 45. Kg4 Qxe4+ 46. Kh5 Rh3# 0-1

[Event "Fagernes TV2 Elo op"]
[Site "Fagernes"]
[Date "2017.04.15"]
[Round "8"]
[White "Yilmaz, Kazim"]
[Black "Engevik, Bjarne Johan"]
[Result "1-0"]
[WhiteElo "1566"]
[BlackElo "1787"]
[PlyCount "67"]
[EventDate "2017.04.09"]
[EventType "swiss"]
[EventRounds "9"]
[EventCountry "NOR"]
[SourceTitle "CBM 177 Extra"]
[Source "ChessBase"]
[SourceDate "2017.04.27"]
[SourceVersion "1"]
[SourceVersionDate "2017.04.27"]
[SourceQuality "1"]

1. Nf3 b6 2. d4 Bb7 3. c4 d5 4. cxd5 Qxd5 5. Nc3 Qd8 6. e4 Nf6 7. Bd3 e6 8. Bg5 Be7 9. e5 Nd5 10. Bxe7 Qxe7 11. Nxd5 Bxd5 12. 0-0 Nd7 13. Qe2 c5 14. dxc5 Nxc5 15. Bb5+ Kf8 16. Rfc1 a5 17. Qe3 Rd8 18. Nd4 Qb7 19. f3 h6 20. a3 g5 21. b4 Na6 22. bxa5 bxa5 23. Bc6 Bxc6 24. Nxc6 Rd5 25. Rab1 Qd7 26. Nb8 Nxb8 27. Rxb8+ Kg7 28. Rxh8 Kxh8 29. h4 Rd3 30. Qc5 gxh4 31. Rc4 h3 32. Qf8+ Kh7 33. Rg4 f5 34. Qg8# 1-0